| 000 | 01182naa a22003257a 4500 | ||
|---|---|---|---|
| 001 | BR8705818 | ||
| 003 | BR-BrBNA | ||
| 005 | 20250721154523.0 | ||
| 007 | ta | ||
| 008 | 250630b bl.|||m| |||| 00| 0 por d | ||
| 040 |
_aBR-BrBNA _bpor _cBiblioteca Nacional de Agricultura |
||
| 041 | _a(Pt) | ||
| 072 |
_aE50; E11 _b/G514 |
||
| 090 | _aE50 BR8705818 | ||
| 100 | 1 | _aCruz, M.B.C. da | |
| 100 | 1 | _aRamos Neto, J. | |
| 111 | 1 |
_a1. Seminario Agropecuario do Acre _cRio Branco, AC (Brazil) _d13-17 Jun 1983 |
|
| 245 | 1 | _aA colonizacao e a situacao fundiaria do Acre | |
| 500 | _a1. Seminario Agropecuario do Acre. Anais Rio Branco, AC (Brasil): 1983. p. 35-79 [10 tables; 2 illus.] (BR8705818-AMS) | ||
| 773 | 0 |
_t1. Seminario Agropecuario do Acre. Anais _wE50 BR8705818 _gRio Branco, AC (Brasil), 1983. p. 35-79 |
|
| 650 | _aCOLONIZACAO | ||
| 650 | _aPROJETO DE COLONIZACAO | ||
| 650 | _aDISTRIBUICAO DE TERRA | ||
| 650 | _aREFORMA AGRARIA | ||
| 650 | _aESTRUTURA AGRARIA | ||
| 650 | _aACRE | ||
| 490 |
_aDocumentos - Unidade de Execucao de Pesquisa de Ambito Estadual de Rio Branco (Brazil) _vno. 4 |
||
| 942 |
_cAMS _2AGRIS |
||
| 909 |
_a202506 _bLúcia _c55 _dLúcia Elande |
||
| 999 |
_c335313 _d335313 |
||